les pays avec le plus de bouddhistes - Statistiques

Statistiques générales
  • Ce quiz a été pris 41 fois
  • Le résultat moyen est 12 sur 15
Statistiques - réponses
Hint Réponse % Correct
254 700 000 Chine
100%
10 140 000 Inde
100%
66 120 000 Thailande
100%
41 380 000 Japon
94%
15 560 000 Vietnam
94%
15 690 000 Cambodge
83%
5 220 000 Malaisie
83%
3 540 000 Népal
83%
10 950 000 Corée du Sud
81%
4 630 000 Laos
72%
15 440 000 Sri Lanka
67%
4 930 000 Taiwan
64%
4 170 000 Etats-Unis
61%
1 890 000 Singapour
56%
41 440 000 Myanmar
31%
Aucun quiz correspondant
Distribution des résultats
% des personnes avec chaque résultat
Percentile par nombre de réponses
Votre historique - résultats
Vous n’avez pas pris ce quiz